| 000 | 00837nam a2200181 a 4500 | ||
|---|---|---|---|
| 001 | 694 | ||
| 005 | 20221127090013.0 | ||
| 008 | 050920s lsu a r o00000 ara d | ||
| 035 | _a707 | ||
| 082 | 0 | 4 |
_a378.0025531 _bس403 دع |
| 110 | 0 |
_aالسعودية. _bوزارة التعليم العالي. _bوكالة الوزارة للعلاقات الثقافية. |
|
| 245 | 1 | 0 |
_aدليل التعليم العالي / _cاعداد وكالة الوزارة للعلاقات الثقافية، وزارة التعليم العالي. |
| 260 |
_aالرياض : _bوزارة التعليم العالي، _c2005. |
||
| 300 |
_a388 ص. : _bايض ملونة ؛ _c21 سم. |
||
| 500 | _aالاصدار الاول. | ||
| 650 | 4 |
_aالتعليم العالي _zالسعودية _vادلة |
|
| 650 | 4 |
_aالجامعات والكليات _zالسعودية. |
|
| 999 |
_c694 _d694 |
||